MDQL
is popping MORE tags! Check the
thread
!
Quizzes
Events
Quiz Creation
Community
Videos
Private Events
Remove Ads
Sign In
Join for FREE
Feedback
Dark Mode
Quiz Categories
Sports
Geography
Music
Movies
Television
Just For Fun
Miscellaneous
History
Literature
Language
Science
Gaming
Entertainment
Religion
Holiday
For Kids
Quiz Lab
Recent
Popular Today
Quiz Kudos Today
Editor Picks
Curator Picks
Quizzes by...
Day
Popularity
Type
Ratings
Length
Year
Community
Subscriptions
Recent Discussions
Orange Saloon
Badges
Playlists
Quests
Create
Leaderboards
Showdown
Live 5
Trivia Bingo
Activity
Puzzle Library
Sporcle Events
Private Events
Virtual Trivia
Globe League
Become a Host
Pub Owners
SporcleCon
Opinionation
Our Games
Videos
Blog
Mobile Apps
Partnerships
Remove Ads and Go Orange
Feedback
Music
Pop Music
The Beatles
Song
Album
Lyrics
Bands
Singers
Artist
Clip
Rock
Rap
Classical
Billboard
Country Music
Kpop
Taylor Swift
Music
Pop Music
The Beatles
Song
Album
Lyrics
Bands
Singers
Artist
Clip
Rock
Rap
Classical
Billboard
Country Music
Kpop
Taylor Swift
Random Quiz
Search Sporcle
×
Quiz Lab
Quiz Lab
Music
Rock
Type in answers that appear in a list
Type in answers that appear in a list
Classic
Best Score? Go Orange.
Famous Rock 'n' Roll Couples Stats
Can you name the Famous Rock 'n' Roll Couples?
By
mcharlenstarr
3m
15 Questions
340 Plays
340 Plays
340 Plays
Comments
Comments
Give Quiz Kudos
Give Quiz Kudos
-
- Ratings
hide this ad
Replay
Link that replays current quiz
Next Quiz
Link to next quiz in quiz playlist
You Got
0%
They Got
Avg Score
39%
Avg Friend Score
Upgrade to see
Score Distribution
Jump to the score distribution portion of the page
Score
0/15
Timer
03:00
0
Plays Today
Hint
Name
% Correct
Linda Eastman married this man, the last member of his band to finally wed.
Paul McCartney
79.7%
Don Henley took from her, 'her lace' after her famous break from Lindsey Buckingham
Stevie Nicks
73.8%
Joan Baez shared a few years with this Minnesota born folk artist.
Bob Dylan
62.6%
Professionally, she didn't take the last name of her one time husband, Gregg Allman, nor her birth surname, Sarkisian.
Cher
60%
'Ronette' singer, Veronica Bennett, was once famously married to this legendary music producer.
Phil Spector
42.9%
Sheryl Crow's song, 'My Favorite Mistake' is rumoured to have been written about her romance with this guitar legend.
Eric Clapton
41.2%
Mick Jagger and Keith Richards wrote her first major hit single. She and Jagger became an item for a number of years..
Marianne Faithfull
36.8%
Janis Joplin had a romance with this trio member that played 'Woodstock' the day after she took the same stage.
Stephen Stills
34.1%
Hint
Name
% Correct
This late singer was married to Lulu for a few years near the end of the 1960's. Together with his two brothers, they became one of the most successful recording acts of all time.
Maurice Gibb
33.2%
Songwriter J.D Souther had a romance with this 'Blue Bayou' singer.
Linda Ronstadt
30.6%
Paul Simon met her, his future wife, on the set of 'Saturday Night Live' in 1990.
Edie Brickell
25.6%
Rock Journalist, Paula Yates, left her marriage to Bob Geldof for this singer.
Michael Hutchence
24.4%
Bruce Springsteen married her more than five years after she joined the 'E Street Band'.
Patti Scialfa
22.1%
Chrissie Hynde had a relationship with this British songwriting '20th Century Man'.
Ray Davies
16.5%
Robert Plant was once involved with this Canadian singer.
Alannah Myles
2.9%
Quiz Playlist
Details
Report
Send in Message
Add To Playlist
Classic:
Type in answers that appear in a list
Last Updated: Feb 16, 2017
Quiz Scoreboard
CHALLENGE
Sign Up to Join the Scoreboard
Show All
Scores
Hide
Comments
May contain spoilers
Recently Published
Image Sorting: Flags VI
by Barbecue
Geography
2m
Find the 'City' Movie
by crazypaving
Movies
60s
Colored Red Africa Blitz
by spor1
Geography
45s
More to Explore
Quiz From the Vault
Featured Blog Post
14 Easter Pick-up Lines to Find Eggs With
hide this ad
You Might Also Like...
Tags
Bands Quiz
Famous Quiz
Rock Quiz
Singers Quiz
couple
roll
Today's Top Quizzes in Music
Browse Music
hide this ad
Today's Top Quizzes in Rock
Browse Rock
Top Contributed Quizzes in Music
1
5X2 Blitz: Bands II
2
5X2 Blitz: The Beatles
3
Taylor Swift All Songs (2024)
4
5X2 Blitz: Billboard
5
5X2 Blitz: Billboard II
6
5X2 Blitz: Album
7
Taylor Swift Logic Puzzle II
8
5X2 Blitz: Singers
9
5X2 Blitz: Rock
10
5X2 Blitz: Lyrics
Explore More
Trending Topics
Marvel
Harry Potter
Crossword
Anime
NBA
Disney
Kpop
WWE
Song
The Office
NFL
Puzzle
Pokémon
Soccer
Country
hide this ad
More By:
mcharlenstarr
Quiz
Plays
Rating
Category
Featured
Created
Famous Rock 'n' Roll Couples
340
3.00
Music
Apr 11, 2010
B.C. Canada cities and towns
337
4.00
Geography
Apr 11, 2010
NHL star, Jari Kurri
271
5.00
Sports
May 18, 2010
Country Music Alphabet Soup
257
4.00
Music
Nov 19, 2022
Left handed playing musicians
210
4.75
Music
Apr 11, 2010
Go to Creator's Profile
Score Distribution
Quiz Creator Spotlight
mcharlenstarr
Follow
Send a Message
Quizzes Created
-
Created Quiz Play Count
-
More By This Creator
Popular Quizzes Today
1
Colored Red Africa Blitz
2
Find the US States - No Outlines Minefield
3
Find the 'City' Movie
4
5x2 Blitz: Bands
5
The Countries of the World
6
Find the US States
7
Find the Countries of Europe - No Outlines Minefield
8
US States
More Music Quizzes
First Names First: Music Trios 1
Quiz Lab
Trending Quizzes
Colored Red Europe Blitz I
Colored Red Europe Blitz II
Colored Red Africa Blitz II
Colored Red Europe Blitz III
Colored Red Africa Blitz III
Recently Updated
How Do You Spell That?
pecheneg
Godzilla Movies
pecheneg
Grab Bag: 4-10 Letters
pecheneg
2024 March Madness Bracket
pecheneg
Famous TV Couples
Peacemaker
Champions League XIs: Real Madrid
pecheneg
Largest US Cities 1790-2010
pecheneg
Rides in Walt Disney World
pecheneg
Most Oscar Losses (Acting)
pecheneg
Beyoncé Albums
pecheneg
Trending Topics
Marvel
Anime
NBA
Disney
Harry Potter
Kpop
Crossword
Pokémon
Song
The Office
WWE
Puzzle
Soccer
NFL
Country
Your Account Isn't Verified!
In order to create a playlist on Sporcle, you need to verify the email address you used during registration. Go to your
Sporcle Settings
to finish the process.
Report this User
Report this user for behavior that violates our
Community Guidelines
.
Details:
Send Report
Go to the Sporcle.com Mobile Site →
Comments